Normal view
MARC view
Entry Topical Term
001 - CONTROL NUMBER
- control field: 38177
003 - CONTROL NUMBER IDENTIFIER
- control field: ARRUPE
005 - DATE AND TIME OF LATEST TRANSACTION
- control field: 20171208144651.0
008 - FIXED-LENGTH DATA ELEMENTS
- fixed length control field: 171208|| aca||aabn | a|a d
040 ## - CATALOGING SOURCE
- Original cataloging agency: ARRUPE
- Transcribing agency: ARRUPE
150 ## - HEADING--TOPICAL TERM
- Topical term or geographic name as entry element: Ethnology
- Geographic subdivision: Uganda
670 ## - SOURCE DATA FOUND
- Source citation: Work cat.: (ARRUPE)65364: Gorju, P. Julien 38176, Entre le Victoria, l'Albert et l'Edouard: